[Event "European Rapid 2011"]
[Site "Warsaw POL"]
[Date "2011.12.17"]
[Round "2"]
[White "Lewtak, Damian"]
[Black "Potkin, Vladimir"]
[Result "0-1"]
[BlackTitle "GM"]
[WhiteElo "2138"]
[BlackElo "2684"]
[WhiteFideId "1141724"]
[BlackFideId "4131061"]
[EventDate "2011.12.17"]

1. e4 c5 2. Nf3 e6 3. g3 Nc6 4. Bg2 Nf6 5. Nc3 d6 6. d4 cxd4 7. Nxd4 Bd7 8. O-O
Be7 9. Ndb5 Qb8 10. Bf4 Ne5 11. a4 a6 12. Nd4 O-O 13. Bc1 Qc7 14. f4 Nc4 15. b3
Ne3 16. Bxe3 Qxc3 17. Qd2 Qc7 18. h3 Rac8 19. c4 Rfe8 20. a5 Bf8 21. g4 d5 22.
cxd5 exd5 23. e5 Ne4 24. Bxe4 dxe4 25. Rac1 Qb8 26. Qg2 Ba3 27. Rxc8 Rxc8 28.
Qxe4 Rc3 29. Bd2 Rxh3 30. f5 Bb2 31. Bf4 Qa7 32. Kg2 Rxb3 33. Qd5 Qxd4 34. Qxb3
Bc6+ 35. Kh3 h5 36. e6 Bd5 37. Qe3 Qxe3+ 38. Bxe3 fxe6 39. gxh5 exf5 40. Bd4 Bc4
41. Rd1 Be2 42. Bxb2 Bxd1 0-1

[Event "European Rapid 2011"]
[Site "Warsaw POL"]
[Date "2011.12.17"]
[Round "2"]
[White "Warakomska, Anna"]
[Black "Azarov, Sergei"]
[Result "0-1"]
[WhiteTitle "WFM"]
[BlackTitle "GM"]
[WhiteElo "2136"]
[BlackElo "2667"]
[WhiteFideId "1130790"]
[BlackFideId "13501470"]
[EventDate "2011.12.17"]

1. e4 c5 2. Nf3 d6 3. d4 cxd4 4. Nxd4 Nf6 5. Nc3 g6 6. Be2 Bg7 7. O-O Nc6 8. Nb3
O-O 9. Re1 a6 10. Bg5 b5 11. Bf1 Nd7 12. Rb1 Bb7 13. Qd2 Re8 14. Nd5 Nde5 15.
Be3 Rb8 16. Nd4 e6 17. Nc3 b4 18. Nd1 d5 19. Nb3 Nc4 20. Bxc4 dxc4 21. Nc5 0-1

[Event "European Rapid 2011"]
[Site "Warsaw POL"]
[Date "2011.12.17"]
[Round "2"]
[White "Kryvoruchko, Yuriy"]
[Black "Gutmans, Mihail"]
[Result "1-0"]
[WhiteTitle "GM"]
[WhiteElo "2666"]
[BlackElo "2137"]
[WhiteFideId "14109182"]
[BlackFideId "11602040"]
[EventDate "2011.12.17"]

1. e4 c5 2. Nf3 e6 3. c3 d5 4. exd5 Qxd5 5. d4 Nf6 6. Bd3 cxd4 7. cxd4 Nc6 8.
Nc3 Qd6 9. Be3 Be7 10. a3 O-O 11. Qc2 Rd8 12. O-O a6 13. Rad1 h6 14. Qc1 Nd5 15.
Bb1 f5 16. Nxd5 exd5 17. Bf4 Qf6 18. Rfe1 Be6 19. Qe3 Bf7 20. Ne5 Bd6 21. Qf3
Nxd4 22. Rxd4 Re8 23. Rxd5 Bxd5 24. Qxd5+ Kh7 25. g4 Bxe5 1-0

[Event "European Rapid 2011"]
[Site "Warsaw POL"]
[Date "2011.12.17"]
[Round "2"]
[White "Bartel, Mateusz"]
[Black "Lada, Marek"]
[Result "1-0"]
[WhiteTitle "GM"]
[BlackTitle "FM"]
[WhiteElo "2653"]
[BlackElo "2133"]
[WhiteFideId "1112635"]
[BlackFideId "1102443"]
[EventDate "2011.12.17"]

1. d4 e6 2. c4 f5 3. g3 Nf6 4. Bg2 c6 5. Nh3 d6 6. O-O Be7 7. Nc3 O-O 8. Qb3 Qb6
9. Rd1 Qxb3 10. axb3 Na6 11. Bd2 Bd7 12. Be1 Nc7 13. e3 a6 14. Na4 Rae8 15. Nb6
h6 16. Nf4 Kh7 17. Ba5 Na8 18. Nxd7 Nxd7 19. Nxe6 Rf6 20. Nf4 Bd8 21. Bc3 Rf7
22. b4 Nc7 23. d5 c5 24. Ne6 Rfe7 25. bxc5 Nxe6 26. cxd6 Rf7 27. dxe6 Rxe6 28.
Bd5 1-0

[Event "European Rapid 2011"]
[Site "Warsaw POL"]
[Date "2011.12.17"]
[Round "2"]
[White "Stangl, Anita"]
[Black "Zhigalko, Sergei"]
[Result "0-1"]
[WhiteTitle "WFM"]
[BlackTitle "GM"]
[WhiteElo "2131"]
[BlackElo "2651"]
[WhiteFideId "4608801"]
[BlackFideId "13502956"]
[EventDate "2011.12.17"]

1. e4 Nf6 2. e5 Nd5 3. d4 Nb6 4. Nf3 d5 5. exd6 cxd6 6. b3 g6 7. Bb2 Bg7 8. Be2
Nc6 9. O-O O-O 10. c4 Bg4 11. h3 d5 12. c5 Nc8 13. Re1 e6 14. Na3 Bxf3 15. Bxf3
b6 16. Rc1 N8e7 17. Qd2 Nf5 18. Nc2 bxc5 19. Ba3 Bh6 20. Ne3 Ncxd4 21. Bxc5
Nxf3+ 22. gxf3 d4 23. Bxf8 Qxf8 24. Qe2 Bxe3 0-1

[Event "European Rapid 2011"]
[Site "Warsaw POL"]
[Date "2011.12.17"]
[Round "2"]
[White "Gosciniak, Maria"]
[Black "Socko, Bartosz"]
[Result "0-1"]
[WhiteTitle "WFM"]
[BlackTitle "GM"]
[WhiteElo "2128"]
[BlackElo "2635"]
[WhiteFideId "1126814"]
[BlackFideId "1107038"]
[EventDate "2011.12.17"]

1. e4 e6 2. d4 d5 3. Nc3 Bb4 4. e5 Ne7 5. a3 Bxc3+ 6. bxc3 c5 7. Qg4 Kf8 8. h4
Qa5 9. Bd2 Qa4 10. h5 h6 11. Rh3 Nbc6 12. Bd3 Nxe5 13. Qf4 Nxd3+ 14. cxd3 e5 15.
Qxe5 Bxh3 16. Nxh3 Re8 17. Kf1 Qc2 18. Bf4 Qxc3 19. Re1 Qxd3+ 20. Kg1 Qxd4 21.
Qd6 Qf6 22. Qxc5 Qc6 23. Qb4 a5 24. Qxa5 Kg8 25. Bd2 Kh7 26. Rc1 Qf6 27. Nf4 Rc8
28. Rf1 Rc2 29. g3 0-1

[Event "European Rapid 2011"]
[Site "Warsaw POL"]
[Date "2011.12.17"]
[Round "2"]
[White "Gasik, Piotr"]
[Black "Howell, David W L"]
[Result "0-1"]
[BlackTitle "GM"]
[WhiteElo "2127"]
[BlackElo "2633"]
[WhiteFideId "1104381"]
[BlackFideId "410608"]
[EventDate "2011.12.17"]

1. c4 e5 2. Nf3 Nc6 3. d4 exd4 4. Nxd4 Bb4+ 5. Bd2 a5 6. Nxc6 dxc6 7. Nc3 Nf6 8.
e3 Bf5 9. Qb3 O-O 10. a3 Bd6 11. Be2 Re8 12. f3 Rb8 13. e4 Be6 14. Be3 Nh5 15.
g3 b5 16. Rd1 Qf6 17. f4 Nxf4 18. gxf4 Bxf4 19. Bf2 Qe5 20. Bd4 Qg5 21. Qc2 b4
22. Nb1 f5 23. Nd2 Qh4+ 24. Bf2 Qh6 25. exf5 Bf7 26. Nf3 Rxe2+ 27. Qxe2 Re8 28.
Qxe8+ Bxe8 29. Rd8 Kf7 30. Ke2 Qf6 31. Rhd1 Qxb2+ 32. Kf1 bxa3 33. Re1 a2 34.
Rdxe8 a1=Q 35. Bh4 Qxe1+ 36. Rxe1 0-1

[Event "European Rapid 2011"]
[Site "Warsaw POL"]
[Date "2011.12.17"]
[Round "2"]
[White "Pietocha, Pawel"]
[Black "Erdos, Viktor"]
[Result "0-1"]
[BlackTitle "GM"]
[WhiteElo "2124"]
[BlackElo "2623"]
[WhiteFideId "1134647"]
[BlackFideId "719978"]
[EventDate "2011.12.17"]

1. b3 e5 2. Bb2 Nc6 3. e3 Nf6 4. Bb5 d6 5. c4 Bd7 6. Nc3 Nb4 7. Bxd7+ Qxd7 8. d3
Qg4 9. Qxg4 Nxd3+ 10. Kd2 Nxg4 11. Kxd3 Nxf2+ 12. Ke2 Nxh1 13. Nf3 c6 14. Rxh1
f6 15. e4 Be7 16. Nd1 g6 17. Ne3 Kd7 18. Rd1 Ke6 19. g4 h5 20. h3 hxg4 21. hxg4
a6 22. Bc3 Bd8 23. Bb4 Bc7 24. c5 dxc5 25. Bxc5 Rad8 26. Rxd8 Rxd8 27. Nd2 Rh8
28. Kd3 Rh1 29. Ndc4 Rh2 30. a4 b5 31. axb5 cxb5 32. Na3 Ba5 33. b4 Bd8 34. Nb1
Kd7 35. Nc3 Kc6 36. Ba7 Be7 37. Ncd5 Bd6 38. Bb6 Bxb4 39. Nxb4+ Kxb6 40. Ned5+
Ka5 41. Nc6+ Ka4 42. Nxf6 b4 43. Nd5 Rh3+ 44. Kd2 b3 45. Nxe5 b2 46. Kc2 Rh2+ 0-1

[Event "European Rapid 2011"]
[Site "Warsaw POL"]
[Date "2011.12.17"]
[Round "2"]
[White "Mista, Aleksander"]
[Black "Baumann, Dariusz"]
[Result "1-0"]
[WhiteTitle "GM"]
[WhiteElo "2587"]
[BlackElo "2100"]
[WhiteFideId "1110381"]
[BlackFideId "1139983"]
[EventDate "2011.12.17"]

1. e4 e5 2. Nf3 Nc6 3. Bb5 a6 4. Ba4 Nf6 5. O-O Be7 6. Re1 b5 7. Bb3 O-O 8. h3
d6 9. c3 Nb8 10. d4 Nbd7 11. Nbd2 Bb7 12. Bc2 Re8 13. b3 Bf8 14. Bb2 c5 15. dxe5
dxe5 16. c4 b4 17. Nf1 g6 18. Qb1 Bh6 19. Bc1 Bxc1 20. Qxc1 Kg7 21. Ng3 h6 22.
Qe3 Qe7 23. Rad1 Nb8 24. Nh4 Kh7 25. Nhf5 gxf5 26. Nxf5 Qf8 27. Rd6 Re6 28. Qxc5
Nc6 29. Red1 a5 30. Qb6 Qb8 31. Qe3 Qf8 32. f4 Rae8 33. Qb6 Ba8 34. Kh2 Kh8 35.
fxe5 Nxe5 36. Rxe6 Rxe6 37. Rd8 Rxb6 38. Rxf8+ Kh7 39. Rxa8 Nc6 40. e5 Nxe5 41.
c5 Rc6 42. Nd4+ 1-0

[Event "European Rapid 2011"]
[Site "Warsaw POL"]
[Date "2011.12.17"]
[Round "2"]
[White "Miton, Kamil"]
[Black "Wiewiora, Eneasz"]
[Result "0-1"]
[WhiteTitle "GM"]
[WhiteElo "2622"]
[BlackElo "2124"]
[WhiteFideId "1111914"]
[BlackFideId "1140396"]
[EventDate "2011.12.17"]

1. d4 Nf6 2. Nf3 g6 3. c4 Bg7 4. Nc3 O-O 5. g3 d6 6. Bg2 Nc6 7. O-O Bf5 8. Ne1
e5 9. d5 Ne7 10. e4 Bg4 11. f3 Bd7 12. Nd3 Ne8 13. f4 f5 14. fxe5 dxe5 15. c5
Kh8 16. Be3 Ng8 17. Qd2 Qe7 18. Rae1 Rd8 19. Bg5 Bf6 20. Bxf6+ Nexf6 21. exf5
Bxf5 22. Rxe5 Qg7 23. Nf4 Nd7 24. Rxf5 Rxf5 25. Ne6 Rxf1+ 26. Bxf1 Qe7 27. Qd4+
Ndf6 28. Nxd8 Qxd8 29. Bg2 b6 30. b4 Kg7 31. h3 Ne7 32. g4 Nc6 33. Qf4 Ne7 34.
Qe5 h6 35. c6 Nc8 36. Nb5 Nd6 37. Nxd6 cxd6 38. Qe6 Kf8 39. h4 Qe7 40. g5 hxg5
41. hxg5 Ne8 42. Qg4 Qe1+ 43. Kh2 Qe5+ 44. Kh3 Qh8+ 45. Kg3 Qe5+ 46. Kh3 Qh8+
47. Kg3 Qe5+ 48. Kf3 Qc3+ 49. Kf2 Qb2+ 50. Kg1 Qe5 51. Be4 Kf7 52. Qe6+ Qxe6 53.
dxe6+ Kg7 54. Bd5 Kf8 55. Be4 Kg7 56. Kf2 Nc7 57. e7 Kf7 58. Bxg6+ Kxg6 0-1

[Event "European Rapid 2011"]
[Site "Warsaw POL"]
[Date "2011.12.17"]
[Round "2"]
[White "Chrzaszcz, Malvina"]
[Black "Swiercz, Dariusz"]
[Result "0-1"]
[BlackTitle "GM"]
[WhiteElo "2084"]
[BlackElo "2584"]
[WhiteFideId "1139118"]
[BlackFideId "1126881"]
[EventDate "2011.12.17"]

1. e4 c6 2. d4 d5 3. Nc3 dxe4 4. Nxe4 Nd7 5. Bc4 Ngf6 6. Ng5 e6 7. Qe2 Nb6 8.
Bb3 h6 9. N5f3 a5 10. c3 a4 11. Bc2 c5 12. Nh3 cxd4 13. Nxd4 Be7 14. O-O O-O 15.
Rd1 Qc7 16. Bf4 Qc4 17. Bd3 Qc5 18. Be3 Qa5 19. b4 Qe5 20. Nf3 Qc7 21. Bd4 Nbd7
22. Ne5 b6 23. Nf4 Bb7 24. Nxd7 Nxd7 25. Nxe6 fxe6 26. Qxe6+ Rf7 27. Bg6 Rf8 28.
Bxg7 Kxg7 29. Bxf7 Nf6 30. Bh5 Bc8 31. Qe2 Nxh5 32. Qxh5 Qf4 33. Qe2 Bd6 34. g3
Qf6 35. Rd4 Bf5 36. Rad1 Be5 37. Rd5 Bb8 38. f4 Rf7 39. c4 Re7 40. Qd2 Be6 41.
Rd8 Bc7 42. Rd4 Bg4 43. Rf1 Re2 44. Qd3 Re7 45. Rf2 Bh3 46. Qd2 0-1

[Event "European Rapid 2011"]
[Site "Warsaw POL"]
[Date "2011.12.17"]
[Round "2"]
[White "Zimolzak, Piotr"]
[Black "Sjugirov, Sanan"]
[Result "0-1"]
[BlackTitle "GM"]
[WhiteElo "2109"]
[BlackElo "2622"]
[WhiteFideId "1122266"]
[BlackFideId "4189302"]
[EventDate "2011.12.17"]

1. d4 d5 2. c4 e6 3. Nf3 Nf6 4. Nc3 c6 5. g3 Nbd7 6. Bg2 dxc4 7. a4 Be7 8. O-O
O-O 9. Nd2 e5 10. Nxc4 exd4 11. Qxd4 Nc5 12. Qxd8 Rxd8 13. Be3 Ng4 14. Bxc5 Bxc5
15. h3 Nf6 16. Rfd1 Be6 17. Na5 Rxd1+ 18. Rxd1 Rb8 19. Ne4 Nxe4 20. Bxe4 Bb4 21.
Nxb7 Rxb7 22. Bxc6 Rb8 23. h4 g6 24. Kg2 a6 25. h5 Bf8 26. hxg6 hxg6 27. Rd2 Bg7
28. b4 Bc3 0-1

[Event "European Rapid 2011"]
[Site "Warsaw POL"]
[Date "2011.12.17"]
[Round "2"]
[White "Mastrovasilis, Dimitrios"]
[Black "Tenis, Girts"]
[Result "1-0"]
[WhiteTitle "GM"]
[WhiteElo "2621"]
[BlackElo "2119"]
[WhiteFideId "4202694"]
[BlackFideId "11601566"]
[EventDate "2011.12.17"]

1. e4 c6 2. d4 d5 3. e5 Bf5 4. h4 h5 5. c4 e6 6. Nc3 Ne7 7. Nge2 Nd7 8. Ng3 dxc4
9. Bxc4 Nb6 10. Be2 g6 11. Bg5 Qd7 12. a4 a5 13. Nce4 Bxe4 14. Nxe4 Ned5 15. O-O
Be7 16. Qd2 Bxg5 17. hxg5 Qe7 18. Rfc1 Kf8 19. Rc5 Nb4 20. Nd6 N6d5 21. Bf3 Kg7
22. Ra3 Qc7 23. Rb3 b6 24. Rc1 Rad8 25. Bxd5 Nxd5 26. Qc2 Nb4 27. Qe4 Qe7 28.
Qf4 Nd5 29. Qf6+ Kg8 30. Qxe7 Nxe7 31. Rxb6 h4 32. Rb7 Kf8 33. Rc5 Rh7 34. Rxa5
Nf5 35. Nxf5 gxf5 36. g6 Rg7 37. Raa7 Rxg6 38. Rxf7+ Kg8 39. Rfd7 Rxd7 40. Rxd7
f4 41. Kh2 1-0

[Event "European Rapid 2011"]
[Site "Warsaw POL"]
[Date "2011.12.17"]
[Round "2"]
[White "Ruck, Robert"]
[Black "Zakrzewski, Marek"]
[Result "1-0"]
[WhiteTitle "GM"]
[WhiteElo "2579"]
[BlackElo "2099"]
[WhiteFideId "705713"]
[BlackFideId "1170694"]
[EventDate "2011.12.17"]

1. Nf3 Nc6 2. d4 d5 3. c4 Bg4 4. Nc3 e6 5. Bf4 Bd6 6. Bg3 Nf6 7. e3 O-O 8. Bh4
Be7 9. Bd3 dxc4 10. Bxc4 Nd5 11. Bg3 Bd6 12. O-O Bxg3 13. hxg3 Nce7 14. Rc1 Rc8
15. Ne4 Nf5 16. Qb3 Bxf3 17. gxf3 b6 18. Ba6 Rb8 19. Be2 Qe7 20. Rc6 Nb4 21. Rc4
Nd5 22. Rfc1 Rfc8 23. a3 Qd8 24. Rc6 Nde7 25. R6c2 c6 26. Qa4 a5 27. f4 Rc7 28.
Bf3 Rbc8 29. Qb3 Nd5 30. Bg2 Nd6 31. Nxd6 Qxd6 32. e4 Nxf4 33. gxf4 Qxd4 34. Qe3
Qxe3 35. fxe3 e5 36. Bh3 Rb8 37. Rxc6 Rxc6 38. Rxc6 exf4 39. exf4 Kf8 40. e5 Rb7
41. Kf2 Ke7 42. Ke3 g6 43. Bf1 h5 44. Ba6 Rb8 45. Rc7+ Ke6 46. Bc4+ Kf5 47.
Rxf7+ Kg4 48. Rg7 b5 49. Rxg6+ Kh4 50. Be2 1-0

[Event "European Rapid 2011"]
[Site "Warsaw POL"]
[Date "2011.12.17"]
[Round "2"]
[White "Leks, Maria"]
[Black "Andriasian, Zaven"]
[Result "0-1"]
[WhiteTitle "WCM"]
[BlackTitle "GM"]
[WhiteElo "2106"]
[BlackElo "2619"]
[WhiteFideId "1134957"]
[BlackFideId "13302000"]
[EventDate "2011.12.17"]

1. e4 c5 2. Nf3 d6 3. d4 cxd4 4. Nxd4 Nf6 5. Nc3 a6 6. Be2 g6 7. O-O Bg7 8. Re1
O-O 9. Bg5 Nc6 10. Nb3 b5 11. Bf1 Re8 12. a4 b4 13. Nd5 Nxd5 14. exd5 Ne5 15. a5
Qc7 16. Qd2 Bd7 17. Re4 Reb8 18. Be3 Bf5 19. Bb6 Qc8 20. Rxb4 Qxc2 21. Qxc2 Bxc2
22. Nd4 Be4 23. Nb5 axb5 24. Rxe4 f5 25. Ree1 Nd7 26. Bxb5 Nxb6 27. axb6 Rxa1
28. Rxa1 Rxb6 29. Bd7 Bd4 30. Rb1 Rb4 31. Be6+ Kg7 32. b3 Bc5 33. g3 Rd4 34. Rb2
Rd3 35. Kf1 Ba3 36. Rb1 Bb4 37. Rb2 h5 38. Ke2 Rc3 39. h4 Kf6 40. Bd7 Ba3 41.
Rb1 Rc2+ 42. Kf3 Bc5 43. Rf1 Rc3+ 44. Kg2 Rxb3 45. Be6 Rb2 46. Bg8 Bd4 47. Kf3
Rc2 48. Be6 Ra2 49. Bg8 Bc5 50. Be6 Bb4 51. Bg8 Ra3+ 52. Kg2 f4 53. f3 fxg3 54.
Kxg3 Bc3 55. Be6 Be5+ 56. Kg2 Bf4 57. Rf2 Ra4 58. Re2 Be5 59. Kh3 Rf4 60. Re3
Bd4 61. Rd3 Bf2 62. Bg4 hxg4+ 63. fxg4 Ke5 64. h5 gxh5 65. gxh5 Rh4+ 66. Kg2 Bd4 0-1

[Event "European Rapid 2011"]
[Site "Warsaw POL"]
[Date "2011.12.17"]
[Round "2"]
[White "Gajewski, Grzegorz"]
[Black "Kozlowski, Marcin"]
[Result "1-0"]
[WhiteTitle "GM"]
[WhiteElo "2616"]
[BlackElo "2109"]
[WhiteFideId "1116207"]
[BlackFideId "1114450"]
[EventDate "2011.12.17"]

1. d4 Nf6 2. c4 e6 3. Nc3 Bb4 4. e3 O-O 5. Bd3 c5 6. Nf3 d6 7. O-O Bxc3 8. bxc3
Nc6 9. e4 e5 10. d5 Na5 11. Bg5 b6 12. Nd2 h6 13. Bh4 Ba6 14. Qe2 Qe7 15. f4
exf4 16. Rxf4 g5 17. Raf1 Nd7 18. Qh5 f6 19. e5 Nxe5 20. Ne4 1-0

[Event "European Rapid 2011"]
[Site "Warsaw POL"]
[Date "2011.12.17"]
[Round "2"]
[White "Kravtsiv, Martyn"]
[Black "Ladva, Ottomar"]
[Result "1-0"]
[WhiteTitle "GM"]
[WhiteElo "2601"]
[BlackElo "2106"]
[WhiteFideId "14113147"]
[BlackFideId "4500024"]
[EventDate "2011.12.17"]

1. e4 c5 2. Nf3 e6 3. d4 cxd4 4. Nxd4 Nf6 5. Nc3 Nc6 6. Ndb5 d6 7. Bf4 e5 8. Bg5
a6 9. Na3 b5 10. Nd5 Be7 11. Bxf6 Bxf6 12. c4 b4 13. Nc2 O-O 14. g3 Bg5 15. Bg2
Qa5 16. O-O Qc5 17. b3 Be6 18. Nc7 Ra7 19. Nxe6 fxe6 20. Qg4 Bf6 21. Qxe6+ Kh8
22. Rad1 Nd4 23. Nxd4 exd4 24. f4 Re7 25. Qg4 a5 26. Kh1 Rfe8 27. Rfe1 a4 28.
Qf3 Re6 29. Bf1 R6e7 30. Bd3 axb3 31. axb3 g6 32. Re2 Kg7 33. Kg2 Re6 34. h4
R6e7 35. Ra1 Ra7 36. Rxa7+ Qxa7 37. h5 Qc5 38. hxg6 hxg6 39. e5 dxe5 40. Qe4 Kf8
41. Qxg6 Qd6 42. c5 Qd5+ 43. Be4 Qf7 44. f5 Rc8 45. c6 Qxg6 46. fxg6 Ke7 47. Ra2
Kd6 48. Kf3 Bg5 49. Ra7 Bh6 50. Ke2 Rg8 51. Rd7+ Kc5 52. Rd5+ Kb6 53. Rxe5 Ra8
54. Kd3 1-0

[Event "European Rapid 2011"]
[Site "Warsaw POL"]
[Date "2011.12.17"]
[Round "2"]
[White "Musialkiewicz, Pawel"]
[Black "Dziuba, Marcin"]
[Result "0-1"]
[BlackTitle "GM"]
[WhiteElo "2085"]
[BlackElo "2589"]
[WhiteFideId "1179683"]
[BlackFideId "1112953"]
[EventDate "2011.12.17"]

1. d4 Nf6 2. c4 g6 3. Nc3 Bg7 4. e4 d6 5. f3 a6 6. Be3 Nbd7 7. Qd2 c6 8. a4 a5
9. Bd3 e5 10. d5 Nc5 11. Bc2 O-O 12. Nge2 cxd5 13. cxd5 Bd7 14. O-O Qb6 15. Nc1
Rfc8 16. Nd3 Ne8 17. Nxc5 dxc5 18. Bd3 Nd6 19. b3 Qd8 20. Bc4 b6 21. Qe2 Qe7 22.
Nb5 Bxb5 23. Bxb5 Rf8 24. Bc6 Rab8 25. Rae1 Kh8 26. Qa6 Qc7 27. Qd3 Qe7 28. Qa6
h5 29. b4 axb4 30. a5 Qc7 31. axb6 Rxb6 32. Qa4 c4 33. Rb1 Rfb8 34. Bc5 b3 35.
Bxd6 Qxd6 36. Qxc4 Bh6 37. Qc3 b2 38. Rf2 Rb3 39. Qa5 Be3 0-1

[Event "European Rapid 2011"]
[Site "Warsaw POL"]
[Date "2011.12.17"]
[Round "2"]
[White "Kovalevsky, Arkady"]
[Black "Fedorov, Alexei"]
[Result "0-1"]
[BlackTitle "GM"]
[WhiteElo "2083"]
[BlackElo "2579"]
[WhiteFideId "11602376"]
[BlackFideId "13500465"]
[EventDate "2011.12.17"]

1. d4 Nf6 2. Nf3 g6 3. g3 Bg7 4. Bg2 c5 5. c3 Qc7 6. O-O O-O 7. Bf4 d6 8. Nbd2
Nd5 9. dxc5 Nxf4 10. cxd6 Qxd6 11. gxf4 Qxf4 12. e3 Qc7 13. Qe2 Nc6 14. Nd4 Ne5
15. f4 Ng4 16. h3 Nf6 17. Qc4 Qb8 18. Qc5 Re8 19. Nc4 Nd7 20. Qd5 e6 21. Qf3 a6
22. e4 Qc7 23. Ne3 Rb8 24. e5 b5 25. a3 Bb7 26. Qg3 Nc5 27. Rad1 Rbd8 28. Qh4
Bxg2 29. Kxg2 h5 30. Qg3 Rd7 31. Qf3 Red8 32. Kg1 Bh6 33. Nc6 Rxd1 34. Rxd1
Rxd1+ 35. Nxd1 Bxf4 36. Qxf4 Qxc6 37. Nf2 Qd5 38. Qd4 Qxd4 39. cxd4 Nb3 40. Nd3
Nxd4 41. Kf2 a5 42. Ke3 Nc6 43. Ke4 Kf8 44. h4 Ke7 45. Nf4 Kd7 46. Nh3 a4 47.
Ng5 Ke7 48. Nf3 f6 49. exf6+ Kxf6 50. Nd2 g5 51. hxg5+ Kxg5 52. Nf3+ Kf6 53. Kf4
Nd4 54. Nd2 e5+ 55. Ke4 h4 56. Nf1 h3 57. Nh2 Ke6 58. Ng4 Nf5 59. Nh2 Nd6+ 60.
Kf3 Nc4 0-1

[Event "European Rapid 2011"]
[Site "Warsaw POL"]
[Date "2011.12.17"]
[Round "2"]
[White "Zhigalko, Andrey"]
[Black "Probola, Bartosz"]
[Result "1-0"]
[WhiteTitle "GM"]
[WhiteElo "2572"]
[BlackElo "2094"]
[WhiteFideId "13502247"]
[BlackFideId "1126644"]
[EventDate "2011.12.17"]

1. e4 c5 2. Nf3 Nc6 3. d4 cxd4 4. Nxd4 g6 5. c4 Bg7 6. Be3 Nf6 7. Nc3 Ng4 8.
Qxg4 Nxd4 9. Qd1 e5 10. Be2 d6 11. O-O O-O 12. Nb5 Nxe2+ 13. Qxe2 a6 14. Nc3 Be6
15. Rfd1 Qb8 16. a4 f5 17. f3 Qc7 18. b3 Rac8 19. Rd3 Rfd8 20. a5 Qf7 21. Rad1
Rc6 22. Nd5 Bf8 23. Bg5 Rdc8 24. exf5 Bxf5 25. Nf6+ Kg7 26. Ne4 Qc7 27. Bd2 b6
28. axb6 Qxb6+ 29. Be3 Qb7 30. Qd2 Qc7 31. Bh6+ Kg8 32. Be3 Rd8 33. g4 Bxe4 34.
fxe4 Rb8 35. Ra1 Qc8 36. h3 Rc7 37. Qa2 h5 38. Qg2 hxg4 39. Qxg4 Qxg4+ 40. hxg4
Rc6 41. Kf2 Kf7 42. Ke2 Ke6 43. Kd2 Be7 44. Rh1 a5 45. Ra1 Bd8 1-0

[Event "European Rapid 2011"]
[Site "Warsaw POL"]
[Date "2011.12.17"]
[Round "2"]
[White "Vovk, Yuri"]
[Black "Stoppel, Mariusz"]
[Result "0-1"]
[WhiteTitle "GM"]
[WhiteElo "2571"]
[BlackElo "2090"]
[WhiteFideId "14113171"]
[BlackFideId "1111108"]
[EventDate "2011.12.17"]

1. d4 d5 2. c4 c6 3. Nf3 Nf6 4. Nc3 dxc4 5. a4 Bf5 6. e3 e6 7. Bxc4 Be7 8. O-O
O-O 9. Qe2 Ne4 10. Nd2 Nxc3 11. bxc3 Nd7 12. e4 Bg6 13. f4 h6 14. f5 exf5 15.
exf5 Bh7 16. Ne4 Nf6 17. Nxf6+ Bxf6 18. Ba3 Re8 19. Qb2 Qd7 20. Rab1 b6 21. a5
Bxf5 22. Rbd1 b5 23. Ba2 Bg4 24. Rd2 Kh8 25. h3 Bh5 26. Kh1 Re3 27. Rdf2 Rae8
28. Rxf6 gxf6 29. Qf2 Rf3 30. Qxf3 Bxf3 31. Rxf3 Re1+ 32. Kh2 Qc7+ 0-1

[Event "European Rapid 2011"]
[Site "Warsaw POL"]
[Date "2011.12.17"]
[Round "2"]
[White "Zontakh, Andrey"]
[Black "Nowak, Malgorzata"]
[Result "1-0"]
[WhiteTitle "GM"]
[WhiteElo "2566"]
[BlackElo "2084"]
[WhiteFideId "14101130"]
[BlackFideId "1132474"]
[EventDate "2011.12.17"]

1. Nf3 d5 2. d4 Nf6 3. c4 dxc4 4. e3 e6 5. Bxc4 a6 6. O-O c5 7. Bb3 Nc6 8. Nc3
Be7 9. dxc5 Qxd1 10. Rxd1 Bxc5 11. Bd2 Bd7 12. Rac1 Rc8 13. Be1 Na5 14. Ne5 Nxb3
15. axb3 Bc6 16. Nxc6 Rxc6 17. Na4 Be7 18. Rxc6 bxc6 19. Rc1 Kd7 20. Ba5 Nd5 21.
e4 Bb4 22. exd5 Bxa5 23. Nc5+ Ke7 24. d6+ Ke8 25. Ra1 Bb6 26. Rxa6 Bxc5 27. Ra8+
Kd7 28. Rxh8 Kxd6 29. Rxh7 Bd4 30. Kf1 Bxb2 31. Ke2 Kc5 32. Kd3 Kb4 33. Kc2 Bd4
34. f3 c5 35. Rh8 Be5 36. Rf8 f6 37. Rf7 f5 1-0

[Event "European Rapid 2011"]
[Site "Warsaw POL"]
[Date "2011.12.17"]
[Round "2"]
[White "Brzezinski, Mateusz"]
[Black "Banusz, Tamas"]
[Result "0-1"]
[BlackTitle "GM"]
[WhiteElo "2075"]
[BlackElo "2563"]
[WhiteFideId "1177117"]
[BlackFideId "722413"]
[EventDate "2011.12.17"]

1. c4 Nf6 2. Nc3 e5 3. g3 Bb4 4. Bg2 O-O 5. Nf3 Re8 6. O-O h6 7. b3 Bxc3 8. dxc3
d6 9. Ne1 Nc6 10. e4 a6 11. Qe2 Be6 12. Nc2 Qd7 13. Rd1 Rad8 14. Ne3 Qc8 15. Nd5
Nh7 16. Be3 b6 17. Rd2 Ne7 18. Rad1 Nxd5 19. cxd5 Bd7 20. c4 a5 21. a3 f5 22.
Qd3 Nf6 23. exf5 Bxf5 24. Qe2 e4 25. Rc1 Bg4 26. Qf1 Bf3 27. Bd4 Ng4 28. Rc3 Qf5
29. h3 Ne5 30. Bxe5 Rxe5 31. Re3 h5 32. Bxf3 exf3 33. Rdd3 Rf8 34. Qd1 Qxh3 35.
Rxf3 Rfe8 36. Rde3 Rxe3 37. fxe3 Qg4 38. Kf2 a4 39. bxa4 Qxc4 40. Rf4 Qa2+ 41.
Qe2 Qxa3 42. Rc4 Qb3 43. Rxc7 Rf8+ 44. Kg1 Qb1+ 45. Kg2 Qe4+ 46. Kh2 h4 47. Qg2 0-1

[Event "European Rapid 2011"]
[Site "Warsaw POL"]
[Date "2011.12.17"]
[Round "2"]
[White "Nyzhnyk, Illya"]
[Black "Chubar, Vladimir"]
[Result "1-0"]
[WhiteTitle "GM"]
[BlackTitle "IM"]
[WhiteElo "2562"]
[BlackElo "2083"]
[WhiteFideId "14118084"]
[BlackFideId "14101491"]
[EventDate "2011.12.17"]

1. d4 Nf6 2. c4 e6 3. Nf3 Bb4+ 4. Nbd2 O-O 5. a3 Bxd2+ 6. Bxd2 b6 7. Bg5 Bb7 8.
e3 a5 9. Bd3 h6 10. Bh4 d6 11. O-O Nbd7 12. Re1 e5 13. dxe5 Nxe5 14. Nxe5 dxe5
15. Bc2 Qe7 16. Qd3 g6 17. Red1 Rad8 18. Qc3 Qe6 19. f3 Rd7 20. Bxf6 Rxd1+ 21.
Rxd1 Qxf6 22. c5 Re8 23. Bb3 Bc6 24. cxb6 cxb6 25. Qd2 Qg5 26. e4 Kg7 27. Qxg5
hxg5 28. Rd6 Rc8 29. Kf2 g4 30. fxg4 a4 31. Ba2 Bxe4 32. Rd7 Rc2+ 33. Ke3 Rxb2
34. Rxf7+ Kh8 35. Kxe4 Rxa2 36. Kxe5 Rxg2 37. h3 Rg3 38. Kf6 Rxh3 39. Kxg6 Kg8
40. Ra7 Kf8 41. Rxa4 Ke7 42. Re4+ Kf8 43. Ra4 b5 44. Ra5 Rb3 45. g5 b4 46. axb4
Rxb4 47. Ra8+ Ke7 48. Kg7 1-0